[Event "31st World Open"]
[Site "Philadelphia USA"]
[Date "2003.07.01"]
[Round "2"]
[White "Milman,L"]
[Black "Yanayt,E"]
[Result "1-0"]
[WhiteElo "2356"]
[BlackElo "2090"]

1.e4 c5 2.Nf3 d6 3.Bb5+ Bd7 4.Bxd7+ Qxd7 5.O-O Nc6 6.c3 Nf6 7.Qe2 e6 8.d3 Be7
9.Nbd2 O-O 10.Ng5 h6 11.Nh3 Nh7 12.f4 f5 13.Nf3 b5 14.Bd2 Rab8 15.Rfe1 Rfe8
16.Nf2 Nf6 17.h3 c4 18.dxc4 bxc4 19.exf5 exf5 20.Qxc4+ d5 21.Qd3 Rxb2 22.Ne5 Qd6
23.Bc1 Rxf2 24.Kxf2 Ne4+ 25.Kf3 Bh4 26.g3 Bxg3 27.Rg1 Rxe5 28.Rxg3 Nxg3 29.Kxg3 Re4
30.Bd2 Na5 31.Rd1 Nc4 32.Bc1 Kh7 33.Qxd5 Qg6+ 34.Kf2 Qh5 35.Qd3 Qh4+ 36.Kg2 Qh5
37.Kf2 Nd6 38.Rg1 Re6 39.Kg3 Ne4+ 40.Kh2 Rd6 41.Qe3 Rg6 42.Rxg6 Qxg6 43.c4 Qd6
44.Qxa7 Qd3 45.Qe3 Qc2+ 46.Kg1 Qxa2 47.c5 Qc2 48.Ba3 Nd2 49.Kh1 Qb1+ 50.Qg1 Qb3
51.Bc1 Qxh3+ 52.Qh2 Qf3+ 53.Qg2 Qd1+ 54.Qg1 Nf1 55.Bb2 Qh5+ 56.Kg2 Qe2+ 57.Kh1 Qxb2
58.Qxf1 Qc2 59.Qb5 Qc1+ 60.Kg2 Qxf4 61.c6 Qe4+ 62.Kf2 f4 63.Qc5 f3 64.Kg3  1-0

[Event "31st World Open"]
[Site "Philadelphia USA"]
[Date "2003.07.01"]
[Round "2"]
[White "Negulescu,Ad"]
[Black "Yudasin,L"]
[Result "1/2-1/2"]
[WhiteElo "2452"]
[BlackElo "2558"]

1.e4 c5 2.Nf3 d6 3.Bb5+ Nd7 4.d4 Nf6 5.Nc3 a6 6.Bxd7+ Nxd7 7.O-O e6 8.dxc5 Nxc5
9.Bf4 Qb6 10.Rb1 Bd7 11.Nd2 Qc6 12.b4 e5 13.Be3 Na4 14.Nxa4 Qxa4 15.Nc4  1/2-1/2

[Event "WJun"]
[Site "Nakhchivan AZE"]
[Date "2003.07.03"]
[Round "13"]
[White "Rohit,G"]
[Black "Guseinov,K"]
[Result "0-1"]
[WhiteElo "2357"]
[BlackElo "2505"]

1.e4 c5 2.Nf3 d6 3.Bb5+ Bd7 4.Bxd7+ Qxd7 5.O-O Nc6 6.c3 Nf6 7.Re1 e6 8.d4 d5
9.exd5 Qxd5 10.dxc5 Qxd1 11.Rxd1 Bxc5 12.Nbd2 O-O-O 13.Re1 h6 14.Nb3 Be7
15.Nbd4 Nxd4 16.Nxd4 Nd5 17.Bd2 Bf6 18.Nb3 Nb6 19.Re4 Rd5 20.Rae1 Rhd8 21.Be3 Nd7
22.Kf1 b6 23.Ke2 Kb7 24.h3 Nb8 25.f4 h5 26.g3 Nc6 27.Rf1 g6 28.Bc1 Ne7 29.g4 hxg4
30.hxg4 Rh8 31.Be3 Rh3 32.Rf3 Rh4 33.g5 Bxg5 34.c4 Rd8 35.Bf2 Rg4 36.Rh3 Rxf4
37.Rxf4 Bxf4 38.Rh7 Rf8 39.Nd4 Bg5 40.b4 Bf6 41.a4 e5 42.Nb5 Nc8 43.a5 Be7
44.Be3 g5 45.Nc3 Bxb4 46.Nd5 Be7 47.axb6 axb6 48.Nxe7 Nxe7 49.Bxg5 Ng8 50.Ke3 Kc6
51.Ke4 Kd6 52.Kf5 f6 53.Be3 Ne7+ 54.Ke4 Rc8 55.Kd3 Rc6 56.Bc1 Ke6 57.Ba3 Ng6
58.Rg7 Kf5 59.Rd7 e4+  0-1

[Event "31st World Open"]
[Site "Philadelphia USA"]
[Date "2003.07.03"]
[Round "4"]
[White "Tyomkin,D"]
[Black "Saidy,A"]
[Result "1-0"]
[WhiteElo "2477"]
[BlackElo "2332"]

1.e4 c5 2.Nf3 d6 3.Bb5+ Bd7 4.Bxd7+ Qxd7 5.O-O Nf6 6.e5 dxe5 7.Nxe5 Qd6 8.Qe2 Nbd7
9.Nc4 Qc6 10.Nc3 e6 11.f4 g6 12.a4 Be7 13.b3 O-O 14.Bb2 Nd5 15.Ne5 Nxe5 16.fxe5 f5
17.exf6 Bxf6 18.Nd1 Bd4+ 19.Bxd4 Rxf1+ 20.Qxf1  1-0

[Event "Andorra"]
[Site "Andorra la Vella AND"]
[Date "2003.07.05"]
[Round "1"]
[White "Pascual Genoves,M"]
[Black "Castellanos,R"]
[Result "1/2-1/2"]
[WhiteElo "2092"]
[BlackElo "2489"]

1.e4 c5 2.Nf3 d6 3.Bb5+ Bd7 4.Bxd7+ Qxd7 5.O-O Nc6 6.b3 Nf6 7.Qe2 e6 8.Bb2 Be7
9.c4 O-O 10.d4 cxd4 11.Nxd4 Rac8 12.Nd2 Rfd8 13.Rac1 a6 14.Rfd1 Qc7 15.N2f3 Nxd4
16.Bxd4 Qa5 17.e5 dxe5 18.Bxe5 Nd7 19.Bc3 Bb4 20.Bxb4 Qxb4 21.Qd2 Qe7 22.Qd4 Kf8
23.Qf4 Nc5 24.Qe3 Nd7 25.Ne5 Nxe5 26.Qxe5 f6 27.Qe2 Kg8 28.h3 Qe8 29.Rc3  1/2-1/2

[Event "25th Open"]
[Site "Oberwart AUT"]
[Date "2003.07.05"]
[Round "1"]
[White "Rudolf,Her"]
[Black "Cvitan,O"]
[Result "1-0"]
[WhiteElo "2230"]
[BlackElo "2546"]

1.e4 c5 2.Nf3 d6 3.Bb5+ Bd7 4.Bxd7+ Qxd7 5.O-O Nc6 6.c4 g6 7.d4 cxd4 8.Nxd4 Bg7
9.Be3 Nf6 10.f3 O-O 11.Nc3 Rfc8 12.b3 Qd8 13.Qd2 Qa5 14.Rfd1 a6 15.a4 Nd7
16.Nde2 e6 17.Rab1 Nc5 18.Bh6 Bh8 19.b4 Nxb4 20.Rxb4 Qxb4 21.Nd5 exd5 22.Qxb4 dxe4
23.Nf4  1-0

[Event "31st World Open"]
[Site "Philadelphia USA"]
[Date "2003.07.06"]
[Round "8"]
[White "Milman,L"]
[Black "Anderson,R"]
[Result "1-0"]
[WhiteElo "2356"]
[BlackElo "2254"]

1.e4 c5 2.Nf3 d6 3.Bb5+ Nd7 4.d4 Nf6 5.O-O cxd4 6.Qxd4 e5 7.Qd3 h6 8.c4 a6
9.Bxd7+ Bxd7 10.Nc3 Be7 11.Nh4 O-O 12.Nf5 Bxf5 13.exf5 Qd7 14.Be3 b5 15.b3 bxc4
16.bxc4 Rfc8 17.Rfc1 e4 18.Nxe4 Qxf5 19.Nxf6+ Qxf6 20.Rab1 Rab8 21.Rb3 Qe6
22.Qd5 Qe5 23.Qxe5 dxe5 24.c5 Kf8 25.Kf1 Ke8 26.Ke2 Kd7 27.Kd3 Kc6 28.Kc4 a5
29.Bd2 Ra8  1-0

[Event "1st Stage Russian Cup"]
[Site "Tomsk RUS"]
[Date "2003.07.06"]
[Round "3"]
[White "Zavalishin,M"]
[Black "Pokazanjev,N"]
[Result "1/2-1/2"]
[WhiteElo "2162"]
[BlackElo "2381"]

1.e4 c5 2.Nf3 d6 3.Bb5+ Nc6 4.Bxc6+ bxc6 5.O-O e5 6.c3 Bg4 7.d4 Qc7 8.dxe5 dxe5
9.h3 Bh5 10.Nbd2 Nf6 11.Re1 Be7 12.Nf1 O-O 13.Ng3 Bg6 14.Nh4 Rfd8 15.Qc2 Qb7
16.Ngf5 Bf8 17.Bg5 Rab8 18.Rab1 Rd7 19.Nxg6 hxg6 20.Ne3 Qa6 21.b3 Ne8 22.Nc4 f6
23.Be3 g5 24.Rbd1 Rc7 25.Qe2 Be7 26.Rd2 Qb7 27.Red1 Qc8 28.Rd3  1/2-1/2

[Event "1st Stage Russian Cup"]
[Site "Tomsk RUS"]
[Date "2003.07.06"]
[Round "3"]
[White "Salinnikov,D"]
[Black "Nevostrujev,V"]
[Result "0-1"]
[WhiteElo "2338"]
[BlackElo "2510"]

1.e4 c5 2.Nf3 d6 3.Bb5+ Bd7 4.Bxd7+ Qxd7 5.O-O Nf6 6.e5 dxe5 7.Nxe5 Qc8 8.d4 e6
9.Be3 Nc6 10.Nc3 cxd4 11.Bxd4 Be7 12.Nxc6 Qxc6 13.Qe2 O-O 14.Rad1 a6 15.Rd3 Rac8
16.Rg3 Rfd8 17.Qe3 g6 18.Be5 Nd7 19.Rh3 Nxe5 20.Qxe5 Bf8 21.Qf4 Bg7 22.Rf3 f5
23.Rd3 Qb6 24.Na4 Qc6 25.Nc3 Qb6 26.Na4 Qb5 27.Rxd8+ Rxd8 28.Qc7 Qd7 29.Qb6 Bd4
30.Qb3 Qc6 31.Re1 Kf7 32.c4 f4 33.Nc3 Kg7 34.Ne4 h6 35.h4 b5 36.cxb5 axb5
37.Qf3 e5 38.b3 b4 39.Kh2 Bb6 40.Rd1 Rxd1 41.Qxd1 Bd4  0-1

[Event "32nd TCh-GRE"]
[Site "Kallithea Chalkidiki GRE"]
[Date "2003.07.07"]
[Round "4"]
[White "Petsetidi,M"]
[Black "Voulgaridou,D"]
[Result "1-0"]
[WhiteElo "2011"]
[BlackElo "2025"]

1.e4 c5 2.Nf3 d6 3.Bb5+ Bd7 4.Bxd7+ Nxd7 5.c3 Ngf6 6.Qe2 g6 7.O-O Bg7 8.d4 cxd4
9.cxd4 O-O 10.Nc3 Rc8 11.e5 dxe5 12.dxe5 Ne8 13.Rd1 Nc7 14.Bg5 Qe8 15.Nd5 Nxd5
16.Rxd5 Nb6 17.Rdd1 f6 18.Bh4 Qa4 19.Rd4 Qc2 20.Rd2 Qc4 21.Qxc4+ Rxc4 22.e6 Re4
23.Re1 Rxe1+ 24.Nxe1 Rc8 25.Kf1 g5 26.Bg3 f5 27.f4 Nc4 28.Rd7 Bf6 29.Rxb7 Nxb2
30.fxg5 Bxg5 31.Rxb2 f4 32.Bf2 a5 33.Nf3 Bf6 34.Bd4 Rc1+ 35.Ke2 Bxd4 36.Nxd4 Rg1
37.Kf3 Rd1 38.Nc6 Rf1+ 39.Ke4 Re1+ 40.Kf5 a4 41.Nxe7+ Kg7 42.Nd5 a3 43.Rb7+ Kh6
44.Nf6  1-0

[Event "Open"]
[Site "Montpellier FRA"]
[Date "2003.07.07"]
[Round "1"]
[White "Degraeve,JM"]
[Black "Carlhammar,M"]
[Result "1/2-1/2"]
[WhiteElo "2541"]
[BlackElo "2279"]

1.e4 c5 2.Nf3 d6 3.Bb5+ Nd7 4.d4 Nf6 5.Nc3 cxd4 6.Qxd4 e5 7.Qd3 h6 8.Be3 Be7
9.Bc4 a6 10.a4 Qc7 11.O-O Nc5 12.Bxc5 Qxc5 13.Nd5 Nxd5 14.Bxd5 Rb8 15.a5 Be6
16.Bxe6 fxe6 17.Nd2 O-O 18.Nc4 Rbd8 19.Qb3 Qb5 20.Qa2 Rfe8 21.Rad1 Qc6 22.Rfe1 Kh8
23.c3 Bf6 24.Nb6 Rb8 25.Qc4 Bd8 26.Qxc6 bxc6 27.Rxd6 Bxb6 28.axb6 Rxb6 29.b4 Kg8
30.Ra1 Kf7 31.Rd7+ Kf6 32.Ra5 Rc8 33.h4 c5 34.bxc5 Rbc6 35.Kh2 Rb8 36.Ra7 Rb3
37.R7xa6 Rxa6 38.Rxa6 Rxc3 39.Rc6 g5 40.hxg5+ hxg5 41.Rc8 Rc4 42.c6 Ke7 43.c7 Kd6
44.Rg8 Rxc7 45.Rxg5 Rh7+ 46.Kg3 Rf7 47.f3 Rh7 48.Kf2 Rf7 49.g4 Rh7 50.Rh5 Rf7
51.Kg3 Rg7 52.g5 Ke7 53.Kg4 Rf7 54.g6 Rf4+ 55.Kg3 Rf6 56.Rg5 Kf8 57.g7+ Kg8
58.Kf2 Rh6 59.Ke3 Rf6 60.Rg3 Rh6 61.f4 Rh7 62.fxe5 Rh1 63.Kd4 Rd1+ 64.Kc5 Rd2
65.Rg6 Rd1 66.Rxe6 Kxg7 67.Rd6 Ra1 68.Kd5 Kf7 69.Rd7+ Ke8 70.Ke6 Ra6+ 71.Rd6 Ra7
72.Rb6 Re7+ 73.Kf5 Rf7+ 74.Rf6 Rh7 75.Re6+ Kf7 76.Rg6 Rh5+ 77.Rg5 Rh1 78.e6+ Ke7
79.Rg7+ Ke8 80.Rg5 Ke7 81.Ke5 Ra1 82.Rg7+ Ke8 83.Rb7 Ra2 84.Rc7 Ra1 85.Rc5 Ke7
86.Rd5 Rb1 87.Rd7+  1/2-1/2

[Event "1st Stage Russian Cup"]
[Site "Tomsk RUS"]
[Date "2003.07.08"]
[Round "5"]
[White "Pridorozhni,A"]
[Black "Gajsin,E"]
[Result "1/2-1/2"]
[WhiteElo "2485"]
[BlackElo "2389"]

1.e4 c5 2.Nf3 d6 3.Bb5+ Nd7 4.O-O Nf6 5.d4 cxd4 6.Qxd4 g6 7.e5 dxe5 8.Nxe5 Bg7
9.Rd1 O-O 10.Nxd7 Nxd7 11.Qa4 Qb6 12.Bxd7 Rd8 13.c3 Bxd7 14.Rxd7 Rxd7 15.Qxd7 Rd8
16.Qa4 Qc6 17.Qb3 Qe6 18.Nd2 Qe1+ 19.Nf1 Rd1 20.Qc4 Bf8 21.g3 Rxc1 22.Rxc1 Qxc1
23.Qb5 b6 24.Kg2 Qc2 25.Kf3 Qd1+ 26.Kg2 Qb1 27.a4 e6 28.Qe2 Bh6 29.g4 Qa2
30.Qb5 Bc1 31.Qd7 Bxb2 32.Qd8+ Kg7 33.Qd4+ e5 34.Qxe5+ f6 35.Qc7+ Qf7 36.Qc6 f5
37.gxf5 Qxf5 38.Qc7+ Qf7 39.Qe5+ Qf6  1/2-1/2

[Event "32nd TCh-GRE"]
[Site "Kallithea Chalkidiki GRE"]
[Date "2003.07.09"]
[Round "6"]
[White "Kotrotsos,V"]
[Black "Sebag,M"]
[Result "1/2-1/2"]
[WhiteElo "2225"]
[BlackElo "2432"]

1.e4 c5 2.Nf3 d6 3.Bb5+ Nc6 4.c3 Nf6 5.Qe2 e5 6.d4 exd4 7.cxd4 cxd4 8.Nxd4 Bd7
9.Nxc6 bxc6 10.Bd3 Be7 11.O-O O-O 12.Bg5 Re8 13.Nd2 h6 14.Bf4 Ng4 15.Nf3 c5
16.Rfe1 Bf8 17.h3 Nf6 18.Qc2 Bc6 19.Nd4 Bb7 20.Nf5 Rc8 21.b3 Qd7 22.Ng3 Qc6
23.Rad1 g6 24.a4 a6 25.Bc4 d5 26.exd5 Rxe1+ 27.Rxe1 Nxd5 28.Bxd5 Qxd5 29.Ne4 Qf5
30.Bg3 Rd8 31.f3 Bd5 32.Bf2 Rb8 33.Qd3 Bg7 34.Qxa6 Rxb3 35.Nd6 Qf4 36.Qc8+ Kh7
37.Qxc5 Rd3 38.Qb5 Rd2 39.Ne4 Bxe4 40.Rxe4 Rd1+ 41.Be1 Bd4+ 42.Kf1 Qh2 43.Qb4 Qg1+
44.Ke2 Bc5 45.Qc3 Rd8 46.Bd2 Qxg2+ 47.Kd1 Bd4 48.Qb3 Bg7 49.Re2 Qxh3 50.Qxf7 Qf1+
51.Re1 Qd3 52.Qf4 Rd4 53.Re4 Qf1+ 54.Kc2 Qc4+ 55.Kd1 Qxa4+ 56.Ke2 Qa6+ 57.Kf2 Rd7
58.Be3 Qa2+ 59.Kg3 Rf7 60.Qd6 Qe2 61.Bf4 Qf1 62.Re7 Qg1+ 63.Kh3 Rxe7 64.Qxe7 Qf2
65.Qb7 Qd4 66.Bg3 h5 67.Qc6 Qd1 68.Kg2 Qe2+ 69.Kh1 Qd1+ 70.Kg2 Qd2+ 71.Kh3 Qg5
72.Qe8 Qf5+ 73.Kg2 Kh6 74.Qc6 Kh7 75.Qe8 Qg5 76.Kh3 Qd5 77.Kg2 Bf6 78.Qb8 h4
79.Qc7+ Kh6 80.Qf4+ Bg5 81.Qf8+ Kh7 82.Bf2 Qd7 83.Kh2 Bd8 84.Kg2 g5 85.Be3 h3+
86.Kg3 Bc7+ 87.f4 Qe6 88.Qc5 gxf4+ 89.Bxf4 Qb3+ 90.Kh4 Bxf4 91.Qf5+ Kg7 92.Qxf4  1/2-1/2

[Event "32nd TCh-GRE"]
[Site "Kallithea Chalkidiki GRE"]
[Date "2003.07.09"]
[Round "6"]
[White "Gavrilakis,N"]
[Black "Nikolaidis,I"]
[Result "1/2-1/2"]
[WhiteElo "2399"]
[BlackElo "2478"]

1.e4 c5 2.Nf3 d6 3.Bb5+ Bd7 4.Bxd7+ Qxd7 5.c4 Nf6 6.Nc3 Nc6 7.d4 cxd4 8.Nxd4 e6
9.O-O Be7 10.b3 O-O 11.Bb2 a6 12.Rc1 Rfc8 13.Nxc6 Qxc6 14.Qe2 Bf8 15.Rfd1 b6
16.h3 h6 17.e5 dxe5 18.Qxe5 Rd8 19.Rxd8 Rxd8 20.Rd1 Rxd1+ 21.Nxd1 Ne4 22.Nc3 Nc5
23.Qd4 f6 24.Bc1 Nd7 25.Qe4  1/2-1/2

[Event "32nd TCh-GRE"]
[Site "Kallithea Chalkidiki GRE"]
[Date "2003.07.09"]
[Round "7"]
[White "Skripchenko,A"]
[Black "Vragoteris,A"]
[Result "1-0"]
[WhiteElo "2489"]
[BlackElo "2339"]

1.e4 c5 2.Nf3 d6 3.Bb5+ Nd7 4.d4 cxd4 5.Qxd4 Nf6 6.Nc3 e6 7.Bg5 Be7 8.Rd1 O-O
9.Bxd7 Bxd7 10.Bxf6 gxf6 11.O-O Bc6 12.Qe3 Qa5 13.Nd4 Kh8 14.f4 Rg8 15.f5 Qe5
16.Qh3 Bd7 17.Rfe1 Rg7 18.Re2 Rag8 19.Kh1 b5 20.Qf3 Qc5 21.a3 a5 22.Rf2 b4
23.axb4 axb4 24.Nce2 e5 25.Nb3 Qb6 26.Nd2 Rc8 27.c4 Rgg8 28.Ng3 b3 29.Ngf1 Rc5
30.Ne3 Bc6 31.Nb1 Qb4 32.Nc3 Rxc4 33.Nxc4 Qxc4 34.Rfd2 Ra8 35.h3 Bb7 36.Rd3 Ra2
37.Qg4 Qc8 38.Rg3 Qf8 39.Nxa2 bxa2 40.Ra1 d5 41.Rxa2 Bc5 42.Qh4 Qd8 43.Qg4 Qf8
44.b4 Bd4 45.Qh4 h6 46.Qxf6+ Kh7 47.exd5 Bxd5 48.Ra6  1-0

[Event "1st Stage Russian Cup"]
[Site "Tomsk RUS"]
[Date "2003.07.10"]
[Round "7"]
[White "Ovetchkin,R"]
[Black "Nevostrujev,V"]
[Result "1-0"]
[WhiteElo "2519"]
[BlackElo "2510"]

1.e4 c5 2.Nf3 d6 3.Bb5+ Bd7 4.Bxd7+ Qxd7 5.O-O Nf6 6.Qe2 e6 7.b3 Be7 8.Bb2 O-O
9.c4 Nc6 10.d4 cxd4 11.Nxd4 a6 12.Nxc6 Qxc6 13.Nc3 Rfc8 14.Rac1 Qc5 15.Kh1 Qh5
16.f3 Rab8 17.a4 Nd7 18.Rcd1 Nc5 19.b4 Nd7 20.c5 Rc6 21.g4 Qh4 22.e5 d5 23.a5 f6
24.exf6 Bxf6 25.f4 Rf8 26.Rd3 h5 27.gxh5 Bxc3 28.Bxc3 Rxf4 29.Rg1 Rf7 30.Qg2 Nf6
31.Rh3 Qe4 32.h6 Ng4 33.Qxe4 Nf2+ 34.Kg2 Nxe4 35.Bxg7 Kh7 36.Rf3 Rcc7 37.Rgf1 Ng5
38.Rxf7 Nxf7 39.Rf6 Nd8 40.h4 Nc6 41.Rxe6 Rc8 42.h5 d4  1-0

[Event "26th Open"]
[Site "Barbera del Valles ESP"]
[Date "2003.07.11"]
[Round "7"]
[White "De la Paz,F"]
[Black "Panelo,M"]
[Result "1/2-1/2"]
[WhiteElo "2442"]
[BlackElo "2335"]

1.e4 c5 2.Nf3 d6 3.Bb5+ Bd7 4.Bxd7+ Qxd7 5.c4 Nc6 6.Nc3 Nf6 7.d4 cxd4 8.Nxd4 g6
9.f3 Bg7 10.Nde2 O-O 11.O-O Rfd8 12.Bg5 h6 13.Bh4 Rdc8 14.Kh1 Qd8 15.b3 a6
16.a4 Nd7 17.Rb1 Rab8 18.Qd2 Nc5 19.f4 Kh7 20.Qe3 Qd7 21.h3 Na5 22.Nd5 b5
23.axb5 axb5 24.f5 e6 25.fxg6+ fxg6 26.Nf6+ Bxf6 27.Rxf6 Rf8 28.Rxf8 Rxf8
29.cxb5 Qxb5 30.Be7 Rf7 31.Bxd6 Ncxb3 32.Bg3 Qc4 33.Rd1 Qc2 34.Rd8 Nc4 35.Qd3 Qxd3
36.Rxd3 Rf1+ 37.Kh2 Nbd2 38.Bf4 Rd1 39.Bxd2 Nxd2 40.Rd7+ Kg8 41.Re7 Nf1+
42.Kg1 Ng3+ 43.Kf2 Nxe4+ 44.Ke3 Nd6 45.g4 e5 46.h4 Rh1 47.Re6 Nc4+ 48.Kd3 Kf7
49.Ra6  1/2-1/2

[Event "ch-IRL"]
[Site "Dublin IRL"]
[Date "2003.07.11"]
[Round "7"]
[White "Jeffares,S"]
[Black "Daly,C"]
[Result "1-0"]
[WhiteElo "2036"]
[BlackElo "2355"]

1.e4 c5 2.Nf3 d6 3.Bb5+ Nc6 4.O-O Bd7 5.Re1 a6 6.Bxc6 Bxc6 7.d4 cxd4 8.Nxd4 Nf6
9.Nxc6 bxc6 10.Qf3 Nd7 11.e5 d5 12.e6 Nf6 13.Be3 fxe6 14.Bd4 Kf7 15.Nd2 Qc8
16.Nb3 e5 17.Rxe5 Qg4 18.Qe3 Re8 19.Re1 e6 20.f3 Qg6 21.Rxe6 Bd6 22.Bxf6 Qh5
23.h3 d4 24.Nxd4 Bc5 25.Rxe8 gxf6 26.Rxh8 Kg7 27.Ne6+  1-0

[Event "ch-NOR"]
[Site "Fredrikstad NOR"]
[Date "2003.07.11"]
[Round "8"]
[White "Dannevig,O"]
[Black "Lie,K"]
[Result "1-0"]
[WhiteElo "2331"]
[BlackElo "2440"]

1.e4 c5 2.Nf3 d6 3.Bb5+ Bd7 4.Bxd7+ Qxd7 5.c4 Nc6 6.Nc3 Nf6 7.O-O Nd4 8.b4 cxb4
9.Nd5 Nc6 10.a3 bxa3 11.Rxa3 Rc8 12.Bb2 Nxe4 13.Re1 Nc5 14.Qa1 Qg4 15.d4 Na6
16.Ne3 Qd7 17.d5 Ncb4 18.Rb3 e5 19.Qb1 f5 20.Nxf5 Rxc4 21.Ne3 Rf4 22.Ba3 Be7
23.Bxb4 O-O 24.Ba3 b6 25.Re2 Qa4 26.Ra2 Qd7 27.Rc3 Nc7 28.Bc1 Ne8 29.Nf1 Rg4
30.Rca3 Nc7 31.Ng3 Nxd5 32.Rxa7 Qe6 33.Qb3 Rb4 34.Rxe7 Rxb3 35.Rxe6 Rb1 36.Rc2 Nb4
37.Rc7 Nd3 38.Ne2 e4 39.Ree7  1-0

[Event "25th Open"]
[Site "Oberwart AUT"]
[Date "2003.07.11"]
[Round "7"]
[White "Pavlovic,Mi1"]
[Black "Dvoirys,S"]
[Result "1/2-1/2"]
[WhiteElo "2569"]
[BlackElo "2555"]

1.e4 c5 2.Nf3 d6 3.Bb5+ Bd7 4.Bxd7+ Nxd7 5.O-O Ngf6 6.Qe2 e6 7.d3 Be7 8.Ng5 O-O
9.f4 Ne8 10.Nf3 Nc7 11.Kh1 f5 12.c4 Qe8 13.Nc3 Qh5 14.Bd2 Rae8 15.Rae1 Nb8
16.e5 Rd8 17.exd6 Rxd6 18.Be3 b6 19.d4 cxd4 20.Bxd4 Nc6 21.Bg1 Rc8 22.a4 Bf6
23.Nb5 Rd7 24.Rd1 Re7 25.Rd6 Nxb5 26.axb5 Na5 27.c5 bxc5 28.Ra1 Nb3 29.Rxa7 Ree8
30.Rxe6 Nd4 31.Rxe8+ Qxe8 32.Qxe8+ Rxe8 33.b6 Rb8 34.b7 Kf7 35.h3 Nxf3 36.gxf3 Bxb2
37.Bxc5 Ke6 38.Ra6+ Kd5 39.Rb6 Kxc5 40.Rxb2 Kc6  1/2-1/2

[Event "Pre-Amazon Open"]
[Site "Imperatriz BRA"]
[Date "2003.07.12"]
[Round "9"]
[White "Lucena,S"]
[Black "Cavalcanti,F"]
[Result "0-1"]
[WhiteElo "2186"]
[BlackElo "2280"]

1.e4 c5 2.Nf3 d6 3.Bb5+ Bd7 4.Bxd7+ Qxd7 5.O-O Nc6 6.c3 Nf6 7.Re1 e6 8.d4 cxd4
9.cxd4 d5 10.e5 Ne4 11.Nbd2 Nxd2 12.Bxd2 Be7 13.Be3 O-O 14.Rc1 Rfc8 15.Qd3 a6
16.g3 Na7 17.Bd2 Qa4 18.Rxc8+ Rxc8 19.Rc1 Rc6 20.Rxc6 Qd1+ 21.Qf1 Qxf1+ 22.Kxf1 bxc6
23.b4 Kf8 24.Ne1 Nb5 25.Be3 Na3 26.Nd3 Nc2 27.Ke2 Ke8 28.Kd2 Nxb4 29.Nb2 Kd7
30.Na4 c5 31.Nxc5+ Bxc5 32.dxc5 Nc6  0-1

[Event "1st Stage Russian Cup"]
[Site "Tomsk RUS"]
[Date "2003.07.12"]
[Round "9"]
[White "Pridorozhni,A"]
[Black "Nevostrujev,V"]
[Result "1-0"]
[WhiteElo "2485"]
[BlackElo "2510"]

1.e4 c5 2.Nf3 d6 3.Bb5+ Bd7 4.Bxd7+ Qxd7 5.O-O Nf6 6.Qe2 Nc6 7.Rd1 g5 8.e5 g4
9.Ne1 dxe5 10.c3 O-O-O 11.Na3 h5 12.d3 Nd5 13.Nc4 Bg7 14.Be3 Nf4 15.Qc2 Qd5
16.Qa4 h4 17.Nxe5 Bxe5 18.Bxf4 f5 19.Nc2 Bxf4 20.Qxf4 Qd7 21.Ne3 e6 22.d4 cxd4
23.cxd4 Qc7 24.Qxc7+ Kxc7 25.d5 exd5 26.Nxd5+ Kb8 27.Kf1 h3 28.Ne3 Ne5 29.Nxf5 Rdf8
30.Ne3 Rh7 31.Rd5 hxg2+ 32.Kxg2 Ng6 33.Kg1 Nf4 34.Rd2 Nh3+ 35.Kg2 Nf4+ 36.Kh1 Nh3
37.Rf1 Ng5 38.Rd5 Nf3 39.Nxg4  1-0

[Event "zt 3.3"]
[Site "Yongchuan CHN"]
[Date "2003.07.12"]
[Round "2"]
[White "Zhang Zhong"]
[Black "Zhou Weiqi"]
[Result "0-1"]
[WhiteElo "2658"]
[BlackElo "2388"]

1.e4 c5 2.Nf3 d6 3.Bb5+ Nd7 4.d4 cxd4 5.Qxd4 Nf6 6.Nc3 e5 7.Qd3 Be7 8.Bg5 O-O
9.Bxd7 Qxd7 10.Bxf6 Bxf6 11.O-O-O Rd8 12.Nd5 Qa4 13.g4 Be6 14.Kb1 Bxd5 15.Qxd5 Rac8
16.b3 Qb4 17.Ne1 b5 18.h4 a5 19.g5 Be7 20.Rh3 Rc5 21.Qb7 Kf8 22.Kb2 d5 23.exd5 Bd6
24.c3 Qg4 25.Rf3 Rc7 26.Qxb5 e4 27.Rd4 Qxh4 28.Nc2 Qxg5 29.Rxe4 Rc5 30.Qb6 Rxd5
31.Qb7 Rf5 32.Rfe3 g6 33.Re2 Qf6 34.Qa7 h5 35.Nd4 Bc5 36.Qc7 Bxd4 37.Rxd4 Rxd4
38.cxd4 Qxd4+ 39.Qc3 Qxc3+ 40.Kxc3 h4  0-1

[Event "zt 3.3 w"]
[Site "Yongchuan CHN"]
[Date "2003.07.12"]
[Round "2"]
[White "Li Ruofan"]
[Black "Zhao Xue"]
[Result "1/2-1/2"]
[WhiteElo "2433"]
[BlackElo "2467"]

1.e4 c5 2.Nf3 d6 3.Bb5+ Nc6 4.O-O Bd7 5.Re1 Nf6 6.c3 a6 7.Bf1 Bg4 8.d4 cxd4
9.cxd4 e5 10.d5 Nd4 11.Be3 Nxf3+ 12.gxf3 Bd7 13.a4 Be7 14.Na3 O-O 15.Nc4 Nh5
16.Nb6 Rb8 17.Qd2 h6 18.Rec1 Bg5 19.Qb4 Bb5 20.axb5 Bxe3 21.fxe3 Qxb6 22.Rc3 f5
23.Qa5 Qxa5 24.Rxa5 fxe4 25.fxe4 Nf6 26.Bg2 axb5 27.Rxb5 Ra8 28.Rc1 Rfb8
29.h3 Nd7 30.b4 Kf7 31.Rc7 Ke7 32.Rbxb7 Rxb7 33.Rxb7 Kd8 34.h4 Kc8 35.Rb5 Kc7
36.h5 Ra2 37.Bf3 Nb6 38.Ra5 Rxa5 39.bxa5 Nc4 40.a6 Nxe3 41.Kf2 Nc2 42.Be2 Kb6
43.Kg3 Nd4 44.Bc4 Nc2 45.Bd3 Nd4 46.Kg4 Ka7  1/2-1/2

[Event "25th Open"]
[Site "Oberwart AUT"]
[Date "2003.07.13"]
[Round "9"]
[White "Mahdi,K"]
[Black "Cvitan,O"]
[Result "1/2-1/2"]
[WhiteElo "2423"]
[BlackElo "2546"]

1.e4 c5 2.Nf3 d6 3.Bb5+ Bd7 4.Bxd7+ Qxd7 5.O-O Nc6 6.c3 Nf6 7.Re1 e6 8.d4 cxd4
9.cxd4 d5 10.e5 Ne4 11.Nbd2 Nxd2 12.Bxd2 Be7 13.Rc1 O-O 14.Qb3 Rfc8 15.h4 Qc7
16.Re3 h6 17.h5 Bd8 18.Qd1 Qd7 19.Rec3 Bb6 20.Bf4 Ne7 21.a4 Ba5 22.Rxc8+ Rxc8
23.Kh2 Bb6 24.Rxc8+ Qxc8 25.Qd2 Kh7 26.Qd3+ Kg8 27.Qd2  1/2-1/2

[Event "103rd ch-SUI"]
[Site "Silvaplana SUI"]
[Date "2003.07.13"]
[Round "4"]
[White "Rybenko,K"]
[Black "Raetsky,A"]
[Result "0-1"]
[WhiteElo "2235"]
[BlackElo "2438"]

1.e4 c5 2.Nf3 d6 3.Bb5+ Nd7 4.d4 Nf6 5.Nc3 cxd4 6.Qxd4 e5 7.Qd3 h6 8.h3 Be7
9.Be3 a6 10.Bxd7+ Bxd7 11.a4 b5 12.axb5 axb5 13.O-O O-O 14.Nxb5 Nxe4 15.Rxa8 Qxa8
16.Nc7 Qb7 17.Nd5 Bc6 18.Nxe7+ Qxe7 19.Ra1 Rb8 20.b3 d5 21.Ra7 Qe6 22.Ra6 d4
23.Rxc6 Qxc6 24.Nxe5 Qc3 25.Bxd4 Qxd3 26.Nxd3 Rc8 27.Nb4 Rd8 28.Nc6 Rd6 29.Ne7+ Kh7
30.Nf5 Rd5 31.g4 g6 32.c4 Rd7  0-1

[Event "zt 3.3"]
[Site "Yongchuan CHN"]
[Date "2003.07.13"]
[Round "3"]
[White "Yu Shaoteng"]
[Black "Bu Xiangzhi"]
[Result "1/2-1/2"]
[WhiteElo "2508"]
[BlackElo "2588"]

1.e4 c5 2.Nf3 d6 3.Bb5+ Nd7 4.O-O Nf6 5.d4 a6 6.Bxd7+ Nxd7 7.Nc3 e6 8.Bg5 Qc7
9.dxc5 Qxc5 10.a4 h6 11.Be3 Qc7 12.a5 b5 13.axb6 Nxb6 14.Qd4 Rb8 15.Nd2 Nd7
16.Nc4 Be7 17.Rfd1 O-O 18.Nxd6 Bf6 19.Qc4 Qxc4 20.Nxc4 Rb4 21.Nd6 Rxb2 22.Na4 Rb8
23.c3 Rd8 24.Ba7 Rb3 25.Nxc8 Rb7 26.Nc5 Nxc5 27.Rxd8+ Bxd8 28.Bxc5 Rc7 29.Bd4 Rxc8
30.Rxa6 Bf6 31.e5 Be7 32.Ra5 Bb4 33.Ra1 Bc5 34.Kf1 Bxd4 35.cxd4 Rc2 36.Rd1 Kh7
37.Ke1 Kg6 38.Rd2 Rc1+ 39.Ke2 Kf5 40.Kd3 g5 41.Rc2 Rd1+ 42.Ke3 Re1+ 43.Kd3 Rd1+  1/2-1/2

[Event "Open"]
[Site "Ikaros GRE"]
[Date "2003.07.14"]
[Round "3"]
[White "Svetushkin,D"]
[Black "Darmarakis,M"]
[Result "1-0"]
[WhiteElo "2571"]
[BlackElo "2208"]

1.e4 c5 2.Nf3 d6 3.Bb5+ Bd7 4.Bxd7+ Qxd7 5.O-O Nc6 6.b3 Nf6 7.Qe2 e5 8.Bb2 Be7
9.c3 Qg4 10.Re1 Nh5 11.h3 Qg6 12.Nh2 Nf4 13.Qf3 O-O 14.d3 f5 15.Nd2 Bh4 16.Rf1 fxe4
17.dxe4 Nd8 18.Kh1 Nde6 19.g3 Nxh3 20.Qg2 Nxf2+ 21.Rxf2 Rxf2 22.Qxf2 Bxg3
23.Qe2 Nf4 24.Qg4 Qxg4 25.Nxg4 Nd3 26.Ba3 h5 27.Nf1 Bf4 28.Rd1 d5 29.Rxd3 dxe4
30.Rd5 hxg4 31.Bxc5 Kf7 32.Kg2 Rc8 33.c4 Kf6 34.a4 Rxc5 35.Rxc5 e3 36.Ng3  1-0

[Event "Junior Open"]
[Site "Saint Lo FRA"]
[Date "2003.07.14"]
[Round "6"]
[White "Maze,S"]
[Black "Burg,T"]
[Result "1-0"]
[WhiteElo "2412"]
[BlackElo "2038"]

1.e4 c5 2.Nf3 d6 3.Bb5+ Bd7 4.Bxd7+ Qxd7 5.O-O Nc6 6.Re1 e5 7.c3 Nf6 8.d4 O-O-O
9.Bg5 Be7 10.Na3 Ng4 11.Bxe7 Qxe7 12.Qa4 exd4 13.cxd4 Kb8 14.Nb5 a6 15.Nc3 cxd4
16.Nd5 Qd7 17.Nxd4 Nf6 18.Nxf6 gxf6 19.Rad1 Nxd4 20.Qxd4 Qe6 21.b3 Rd7 22.Re3 Rc8
23.Rf3 Qe5 24.h4 Rc1 25.Rd3 Rc6 26.g3 Kc7 27.Rf3 Kb8 28.Kg2 Rc2 29.Rxf6 Qxd4
30.Rxd4 Rxa2 31.Rh6 Ra3 32.Rxh7 Rxb3 33.e5 Kc7 34.exd6+ Rxd6 35.Rxf7+ Kc6
36.Rxd6+ Kxd6 37.h5 Ke6 38.Rc7 Kd6 39.h6 Rb5 40.h7 Rh5 41.Rxb7 Ke5 42.Ra7 Kf6
43.Rxa6+  1-0

[Event "FSIM July"]
[Site "Budapest HUN"]
[Date "2003.07.15"]
[Round "11"]
[White "Howell,D"]
[Black "Ragger,M"]
[Result "1/2-1/2"]
[WhiteElo "2323"]
[BlackElo "2347"]

1.e4 c5 2.Nf3 d6 3.Bb5+ Bd7 4.Bxd7+ Qxd7 5.c4 e5 6.Nc3 Nc6 7.d3 g6 8.O-O Bg7
9.a3 Nge7 10.Rb1 O-O 11.b4 b6 12.Nd5 Nd4 13.Nxd4 cxd4 14.b5 f5 15.f3 fxe4
16.fxe4 Rxf1+ 17.Kxf1 Nxd5 18.cxd5 Rc8 19.Bd2 Rc5 20.a4 h5 21.Rc1 Qc8 22.Rxc5 Qxc5
23.g4 Qc8 24.Kg2 Qxg4+ 25.Qxg4 hxg4 26.Kg3 Kf7 27.Kxg4 Ke8 28.a5 bxa5 29.Bxa5 Bh6
30.Bc7 Kd7 31.Bb8 Bd2 32.h4 Bc1 33.h5 gxh5+ 34.Kxh5 Ba3 35.Bxa7 Kc7 36.Kg6 Kb7
37.b6 Bc5 38.Kf6 Bb4 39.Ke6 Ba3 40.Kd7 Bc5 41.Kd8 Ba3 42.Ke7  1/2-1/2

[Event "ch-GBR"]
[Site "Edinburgh SCO"]
[Date "2003.07.15"]
[Round "2"]
[White "Ramaswamy,A"]
[Black "Meyer,Go"]
[Result "1-0"]
[WhiteElo "2316"]
[BlackElo "2175"]

1.e4 c5 2.Nf3 d6 3.Bb5+ Bd7 4.Bxd7+ Qxd7 5.c4 Nc6 6.Nc3 g6 7.d4 cxd4 8.Nxd4 Bg7
9.Nde2 Nf6 10.f3 O-O 11.O-O a6 12.a4 Qd8 13.Be3 Qa5 14.Qd2 Qb4 15.b3 Rfd8
16.Rab1 e6 17.Rfd1 Rd7 18.Nd4 Nxd4 19.Bxd4 Rad8 20.Kh1 d5 21.cxd5 exd5 22.Bxf6 dxe4
23.Qxd7 Rxd7 24.Rxd7 exf3 25.Rd8+ Bf8 26.g3 h5 27.Rbd1 g5 28.Rxf8+ Kh7 29.Rxf7+ Kg6
30.Rg7+ Kh6 31.Be5 h4 32.Rd6+ Kh5 33.Rh7+ Kg4 34.Rd4+  1-0